[Event "WchT 3rd"]
[Site "Luzern"]
[Date "1993.??.??"]
[Round "7.1"]
[White "Kramnik, Vladimir"]
[Black "Nogueiras Santiago, Jesus"]
[Result "1-0"]
[WhiteElo "2710"]
[BlackElo "2580"]
[Annotator "Ftacnik,L"]
[PlyCount "87"]
[EventDate "1993.10.24"]
[EventType "team-tourn"]
[EventRounds "9"]
[EventCountry "SUI"]
[SourceTitle "CBM 038"]
[Source "ChessBase"]
[SourceDate "1994.02.01"]
[SourceVersion "1"]
[SourceVersionDate "1994.02.01"]
[SourceQuality "1"]
[WhiteTeam "Russia"]
[BlackTeam "Cuba"]
[WhiteTeamCountry "RUS"]
[BlackTeamCountry "CUB"]

1. Nf3 d5 2. d4 e6 3. c4 Nf6 4. Nc3 Nbd7 5. Qc2 Be7 (5... a6 6. cxd5 exd5 7.
Bf4 (7. Bg5 Be7 8. e3 O-O 9. Bd3 Re8 10. O-O c6 11. Rab1 h6 12. Bf4 c5 13. Be2
b5 14. dxc5 Nxc5 15. Rbd1 Bb7 16. Be5 Rc8 17. Qf5 Qb6 18. Bd4 Qe6 19. Qb1 b4
20. Bxc5 Bxc5 21. Na4 Bxe3 22. Bd3 Qc6 23. fxe3 Qxa4 24. Nd4 $15 {Skembris,
S-Raicevic,V/Athens Akropolis (2)/1992/0.5 (61)}) 7... Be7 8. e3 c6 9. h3 Nf8
10. Bd3 Bd6 11. Bxd6 Qxd6 12. Ne5 N6d7 13. f4 Qe7 14. Qf2 f6 15. Nf3 Ng6 16.
O-O O-O 17. f5 Nh8 18. Rfe1 Nb6 19. Qg3 Nf7 20. e4 dxe4 21. Nxe4 Qd8 22. Nc5
Ng5 23. Nb3 a5 24. Nxg5 $14 {Ljubojevic,L-Smagin,S/Moscow 25'/1992/0.5 (59)}) (
5... c6 6. e4 dxe4 7. Nxe4 Nxe4 8. Qxe4 Bb4+ 9. Bd2 Bxd2+ 10. Nxd2 O-O 11. Bd3
Nf6 12. Qh4 e5 13. Nb3 exd4 14. O-O-O {Ivanchuk,V-Akopian,V/Moscow Final GMA 
(7)/1990/0.5 (14)}) (5... Bb4 6. a3 Bxc3+ 7. Qxc3 Ne4 8. Qc2 O-O (8... a5 9.
Nd2 Nxd2 10. Bxd2 O-O 11. e3 e5 12. cxd5 exd4 13. e4 Re8 14. O-O-O c6 15. f4
cxd5 16. e5 Qb6 17. Bd3 Nf8 18. Kb1 Bd7 19. Rc1 Rac8 20. Qd1 Ne6 21. Bf5 Rc5
22. Rxc5 Qxc5 23. Qb3 Bc6 24. Rc1 $13 {Agrest,E-Orlov,V/St.Petersburg-chop/
1992/0.5 (37)}) 9. g3 c6 10. Bg2 b6 11. O-O Ba6 12. b3 Rc8 13. Rd1 Qf6 14. Bb2
Qf5 15. Rac1 Rfd8 16. e3 Nd6 17. Qxf5 Nxf5 18. Nd2 Nf6 19. e4 dxe4 20. Nxe4
Nxe4 21. Bxe4 Nd6 22. Bg2 f6 23. Bh3 Nf5 24. Re1 $13 {Miralles,G-Rogers,I/
Geneva (09)/1990/0-1 (66)}) 6. Bf4 (6. Bg5 h6 7. Bh4 dxc4 8. e4 a6 9. a4 c5 10.
dxc5 Qc7 11. Bxc4 Bxc5 12. Qe2 Nh5 13. O-O-O O-O 14. e5 Nb6 15. Bb3 Bd7 16. Kb1
Nf4 17. Qc2 Bb4 18. Qe4 Bxc3 19. Qxf4 Ba5 20. Bf6 Rfc8 21. Qg4 g6 22. Qf4 g5
23. Nxg5 Bxa4 24. Nxe6 $18 {Savchenko,S-Smagin,S/Moscow Tal/1992/1-0 (27)})
6... dxc4 (6... O-O 7. e3 a6 8. a3 dxc4 9. Bxc4 b5 10. Ba2 c5 11. Rd1 c4 12. e4
Bb7 13. Bb1 g6 14. O-O Qb6 15. d5 exd5 16. e5 Nh5 17. Bh6 d4 18. Nxd4 Nxe5 19.
Bxf8 Bxf8 20. Nce2 Rd8 21. Qc3 Bc5 22. Kh1 Qf6 23. f3 Bd6 24. Be4 $16 {Gelfand,
B-Nogueiras,J/Biel izt (02)/1993/1-0 (32)}) 7. e4 a6 8. a4 (8. Bxc4 b5 9. Bd3
c5 $10) 8... c5 9. dxc5 Bxc5 10. Bxc4 Nh5 11. Bd2 Qc7 12. Ne2 (12. O-O Bxf2+
13. Rxf2 Qxc4 $15) 12... b6 13. b4 Bd6 14. Rc1 O-O 15. O-O Nhf6 (15... Bb7 16.
Ned4 (16. e5 Nxe5 17. Ng5 Nf6 18. Nxe6 Qc6 $1) (16. Qd3 Qb8 $13) 16... Nhf6 $6
17. Nxe6 $1 $16) 16. Ned4 Ne5 17. Nxe5 Bxe5 18. Nf3 Bf4 (18... Bb7 19. Nxe5
Qxe5 20. f3 $14) 19. Rfe1 Bxd2 20. Qxd2 Qe7 21. e5 Nd7 22. Nd4 Nb8 (22... Bb7
23. Nf5 (23. Re3 $5 Qg5 24. f4 Qxf4 25. Nxe6 $1) 23... exf5 24. e6 Ne5 25. Rxe5
Kh8 26. Ree1 $14) 23. Re3 Rd8 24. Bd3 $1 Bb7 25. Bb1 g6 (25... Qd7 26. Qc2 g6
27. Nf3 $14) 26. Rh3 Qf8 27. Rd3 Bd5 (27... Be4 28. Nxe6 Rxd3 29. Bxd3 fxe6 30.
Bxe4 $18) 28. Ba2 Ra7 (28... Be4 29. Nxe6 $1 Rxd3 30. Qh6 $3) 29. Nf5 $1 Rad7 (
29... gxf5 30. Qg5+ Kh8 31. Qf6+) 30. Nd6 Bxa2 31. Qxa2 Qh6 32. Qb2 Qg7 33. Qe2
Qh6 34. Rdc3 Qh4 35. Rc4 Qe7 36. g3 b5 37. axb5 axb5 38. Rf4 f6 39. Ne4 $1 fxe5
40. Nf6+ Kh8 41. Nxd7 exf4 42. Nxb8 Qd6 (42... Rxb8 43. Qe5+ $18) 43. Nc6 Rc8
44. Qxb5 1-0

[Event "Helsinki op"]
[Site "Helsinki"]
[Date "1992.??.??"]
[Round "8"]
[White "Gurevich, Mikhail"]
[Black "Geller, Efim P"]
[Result "1-0"]
[WhiteElo "2625"]
[BlackElo "2525"]
[Annotator "Ftacnik,L"]
[PlyCount "67"]
[EventDate "1992.09.??"]
[EventType "swiss"]
[EventRounds "9"]
[EventCountry "FIN"]
[SourceTitle "CBM 032"]
[Source "ChessBase"]
[SourceDate "1993.02.01"]
[SourceVersion "1"]
[SourceVersionDate "1993.02.01"]
[SourceQuality "1"]

1. c4 e6 2. Nc3 d5 3. d4 Be7 4. Bf4 Nf6 5. e3 O-O 6. Nf3 c5 7. dxc5 Bxc5 8. Be2
dxc4 9. Bxc4 a6 10. Qe2 b5 11. Bd3 Bb7 12. O-O Nbd7 13. Rfd1 Qb6 14. Bg3 Be7
15. a4 b4 16. a5 Qc5 $5 (16... Qc6 $2 17. Na4 Rfc8 18. e4 $1 $16 {Polgar,
Zsu-Geller,E/Aruba/1992/}) 17. Nb1 Qh5 (17... Qa7 18. Nbd2 Nc5 19. Bc2 $14) 18.
Nbd2 Nc5 19. Bc4 Rfc8 $5 (19... Nfe4 20. Nxe4 Nxe4 21. Rd7 Nxg3 22. hxg3 Bxf3
23. gxf3 Bf6 24. Bxa6 $14) 20. Nd4 Qg6 (20... Qxe2 21. Bxe2 Nfe4 22. Nc4 Nxg3
23. hxg3 Rd8 24. Rac1 $14) 21. f3 Nfd7 22. e4 h5 $5 23. Bf4 h4 (23... e5 24.
Nf5 $16) 24. h3 Bg5 (24... Qf6 25. Be3 Ne5 26. Rac1 Ng6 $132) 25. Bxg5 Qxg5 26.
Qf2 Nf6 27. Bf1 Nh5 28. Nc4 Nf4 29. Kh1 Rd8 (29... Ncd3 30. Rxd3 Rxc4 31. Rb3
$16) 30. Nc2 Nxe4 $6 (30... Ncd3 $5 31. Bxd3 Nxd3 32. Qf1 Nf4 $132) 31. fxe4
Bxe4 32. Nxb4 (32. N2e3 Nxh3 33. Qe1 Nf4 $40) 32... Nxh3 33. Qe3 Qxe3 $2 (33...
Qf5 34. Rd4 Rxd4 35. Qxd4 Nf2+ 36. Kg1 Ng4 37. Be2 $16) (33... Rxd1 34. Rxd1
Qxe3 35. Nxe3 Nf2+ 36. Kg1 Nxd1 37. Nxd1 Bb7 38. Nc3 $14) 34. Rxd8+ 1-0

[Event "Lyon zt"]
[Site "Lyon"]
[Date "1990.??.??"]
[Round "6"]
[White "Piket, Jeroen"]
[Black "Van der Sterren, Paul"]
[Result "1/2-1/2"]
[WhiteElo "2495"]
[BlackElo "2515"]
[Annotator "Ftacnik,L"]
[PlyCount "83"]
[EventDate "1990.04.??"]
[EventType "tourn"]
[EventRounds "13"]
[EventCountry "FRA"]
[EventCategory "8"]
[SourceTitle "CBM 018"]
[Source "ChessBase"]
[SourceDate "1990.10.01"]
[SourceVersion "1"]
[SourceVersionDate "1990.10.01"]
[SourceQuality "1"]

1. d4 d5 2. c4 e6 3. Nc3 Nf6 4. Nf3 Be7 5. Bf4 O-O 6. e3 c5 7. dxc5 Bxc5 8. Qc2
Nc6 9. a3 Qa5 10. Rd1 Be7 11. Nd2 e5 12. Bg5 d4 13. Nb3 Qd8 14. exd4 Nxd4 15.
Nxd4 exd4 16. Nb5 Bg4 $5 {N} (16... Bd7 17. Nxd4 Qa5+ 18. Qd2 Qb6 19. Be3 {
1/4-1/4/Ivanchuk,V-Vaganian,R/USSR ch/1988/ ->CBM 09} Ba4 20. b3 Bxb3 21. Rb1
Ne4 22. Rxb3 Nxd2 23. Rxb6 Nxf1 24. Rxb7 Nxe3 25. fxe3 $16 {Ivanchuk,V}) 17.
Rxd4 (17. f3 Bd7) 17... Re8 $1 18. Be3 (18. Rxd8 $2 Bb4#) (18. f3 Bb4+ 19. Kf2
Be1+) (18. Be2 Qb6 19. Bxg4 Nxg4) 18... Qb6 19. Bd3 (19. Rxg4 $2 Nxg4 20. Bxb6
Bb4+ 21. Kd1 Re1#) 19... Bc5 20. O-O (20. Bxh7+ Nxh7 21. Rxg4 Bxe3 $19) 20...
Bxd4 21. Bxd4 Qd8 22. Bxf6 gxf6 (22... Qxf6 23. Nc7) 23. h3 Bh5 24. Bxh7+ Kg7
25. Be4 a6 $1 26. Nc3 Bg6 27. Bxg6 (27. Rd1 Qe7 28. Bxg6 fxg6 29. Nd5 Qe4 $132)
27... fxg6 28. Nd5 Qd6 29. a4 b5 $1 30. axb5 axb5 31. b3 bxc4 32. bxc4 Qe5 33.
Qb1 Reb8 34. Qd1 Re8 35. Qb1 Rab8 36. Qa2 Qd4 (36... Rb2 37. Qa7+ $36) 37. Qa4
$1 Red8 38. Rd1 Ra8 $1 39. Qb3 Ra1 40. Rxa1 Qxa1+ 41. Kh2 Qe5+ 42. g3 {Ftacnik,
L} 1/2-1/2

[Event "Isle of Lewis"]
[Site "Isle of Lewis"]
[Date "1995.??.??"]
[Round "2"]
[White "Agdestein, Simen"]
[Black "Short, Nigel D"]
[Result "1-0"]
[WhiteElo "2600"]
[BlackElo "2655"]
[Annotator "Ftacnik,L"]
[PlyCount "65"]
[EventDate "1995.??.??"]
[EventType "tourn"]
[EventRounds "6"]
[EventCountry "SCO"]
[EventCategory "14"]
[SourceTitle "CBM 049"]
[Source "ChessBase"]
[SourceDate "1995.12.01"]
[SourceVersion "1"]
[SourceVersionDate "1995.12.01"]
[SourceQuality "1"]

1. d4 {Kortschnoj} Nf6 2. c4 e6 3. Nf3 d5 4. Nc3 Be7 5. Bf4 O-O 6. e3 c5 7.
dxc5 Bxc5 8. a3 Nc6 9. Qc2 Qa5 10. O-O-O Be7 11. h4 $5 {Kasparov} Rd8 (11...
dxc4 12. Bxc4 b6 (12... e5 {Kortschnoj} 13. Bg5 Bg4 $13) 13. Ng5 Ba6 14. Nce4
$1 g6 15. Nxf6+ Bxf6 16. Ne4 Be7 17. Bxa6 Qxa6 18. Kb1 Qb7 19. h5 $40 {
Kasparov,G-Vaganian,R/Novgorod/1995/1-0/ CBM 48}) 12. Nd2 (12. g4 Bd7 13. Kb1
dxc4 14. Bxc4 Rac8 15. g5 Nh5 16. Bd6 g6 17. Be2 {Kasparov,G-Ehlvest,J/
Novgorod/1995/1-0( CBM48}) 12... Rd7 $5 {? Kortschnoj} (12... dxc4 13. Nxc4
Rxd1+ 14. Qxd1 Qc5) (12... e5 {>= Kortschnoj} 13. Bg5 (13. Nb3 {Kortschnoj} Qb6
$13) 13... d4 14. Nb3 Qb6 15. c5 Qc7 16. Nb5 Qb8 17. exd4 a6 18. Nd6 Bxd6 19.
cxd6 Qxd6 20. dxe5 Qxd1+ 21. Qxd1 Rxd1+ 22. Kxd1 Nxe5 23. Bxf6 gxf6 24. Nd4 Bd7
{Cifuentes Parada,R-Van der Sterren,P/NLD-ch ;CBM 48 1995/1/2-1/2 (50)}) 13.
Bd3 Qd8 (13... d4 14. Nb3 Qd8 15. Nxd4 Nxd4 16. exd4 Rxd4 17. Be5 $36) 14. cxd5
exd5 (14... Nxd5 15. Nxd5 Rxd5 16. Bxh7+ $16) 15. Nf3 (15. Bf5 d4 16. Bxd7 dxc3
(16... Bxd7 17. exd4 Nxd4 18. Qd3 Bf5 $132) 17. Bxc6 cxb2+ 18. Qxb2 bxc6 19.
Nc4 $16) 15... Qf8 16. g4 Ne4 (16... Nxg4 17. Bxh7+ Kh8 18. Bf5 Rd8 19. Bxg4
Bxg4 20. Ng5 Qg8 21. Rxd5 $16) (16... g6 17. g5 Nh5 18. Bh2) 17. Ne5 (17. Nxd5
$2 Rxd5 18. Bxe4 Rc5 $19) (17. Nxe4 dxe4 18. Bxe4 Rxd1+ 19. Rxd1 Bxg4 20. Bxh7+
Kh8 21. Be4 Rc8) 17... Nxe5 (17... Rd8 18. Nxc6 bxc6 19. Nxe4 dxe4 20. Bxe4 $16
) (17... Nxc3 {Kortschnoj} 18. Nxd7 Bxd7 19. Qxc3 Bxg4 20. Rdg1 Rc8 $132) 18.
Bxe5 f6 $2 {/^b1-h7} (18... g6 19. Nxe4 dxe4 20. Bxe4 Rxd1+ 21. Qxd1 Bxa3 $1
22. bxa3 $140 Qc5+) 19. Bd4 Rc7 (19... g6 20. Nxd5 $1 Rxd5 21. Bc4 (21. Bxe4
Rd8 22. Qb3+ Kh8 23. h5 $16) 21... Be6 22. Qxe4 Qc8 23. Kb1 Qxc4 24. Qxe6+ $16)
20. f3 $1 Nxc3 21. Bxh7+ Kh8 22. Bxc3 Bxa3 {?! Kortschnoj} (22... Bc5 23. Rhe1
Qe7 24. Kb1 $16) (22... Be6 $5 {Kortschnoj}) 23. Rxd5 (23. bxa3 Bxg4 $1 (23...
Qxa3+ $2 24. Kd2 Bxg4 (24... Rxc3 25. Qxc3 Qxc3+ 26. Kxc3 Kxh7 27. Rxd5 $18)
25. fxg4 (25. Ra1 Qe7 26. fxg4 Rac8 $132) 25... Rac8 26. Rc1 Rxc3 27. Qxc3 Rxc3
28. Rxc3 Qb4 29. Bf5 $18) 24. fxg4 Rxc3 25. Qxc3 Rc8 $132) 23... Bxg4 24. fxg4
Rxc3 25. Qxc3 Rc8 26. Qxc8 Qxc8+ 27. Bc2 Be7 (27... Qc3 $2 28. Rd8+) 28. Rhd1
Kg8 29. Rd7 Kf8 30. Kb1 a5 (30... Qc6 31. Bf5 $18) 31. h5 Qc6 32. Bf5 a4 (32...
Qb6 33. R1d4 $18) 33. Rc1 $1 (33. Rc1 $1 Qb6 (33... Bc5 34. Rd8+ Kf7 35. Rc8
$18) 34. Rc8+ Kf7 35. Rcc7 $18) 1-0

[Event "Vienna Millenium"]
[Site "Vienna"]
[Date "1996.08.10"]
[Round "2"]
[White "Ehlvest, Jaan"]
[Black "Jussupow, Artur"]
[Result "1-0"]
[WhiteElo "2660"]
[BlackElo "2665"]
[Annotator "Ftacnik,L"]
[PlyCount "69"]
[EventDate "1996.08.09"]
[EventType "tourn"]
[EventRounds "9"]
[EventCountry "AUT"]
[EventCategory "18"]
[SourceTitle "CBM 055"]
[Source "ChessBase"]
[SourceDate "1996.12.01"]
[SourceVersion "1"]
[SourceVersionDate "1996.12.01"]
[SourceQuality "1"]

1. d4 Nf6 2. Nf3 d5 3. c4 e6 4. Nc3 Be7 5. Qc2 dxc4 6. e4 (6. e3 a6 (6... c5 7.
dxc5 Qa5 8. Bxc4 Qxc5 9. Be2 O-O 10. O-O a6 11. a3 b5 12. b4 Qb6 13. a4 Bb7 14.
axb5 axb5 15. Rxa8 Bxa8 16. Nxb5 Na6 17. Bb2 Be4 18. Qb3 Bd5 19. Qc2 Nxb4 {
1/2-1/2 Kolev,At-Georgiev,Ki/Budapest zt-A (02)/1993/ (25)}) 7. a4 c5 (7...
Nbd7 8. Bxc4 c5 9. dxc5 Bxc5 10. O-O b6 11. Ne4 Bb7 $5 (11... Be7 12. Rd1 {><d6
}) 12. Nxc5 Nxc5 13. b4 Ncd7 14. Bb2 O-O 15. Rfd1 Qe7 16. Qd2 Rfc8 17. Rac1 Rc7
18. Be2 Rac8 19. Rxc7 Rxc7 20. Qd4 {Miles,A-Ubilava,E/Roma/1990/1-0 (51)}) 8.
dxc5 Bxc5 9. Bxc4 Qc7 (9... Nc6 10. O-O O-O 11. Rd1 Qe7 12. Ne4 Nb4 13. Nxf6+
Qxf6 14. Qe4 Qf5 15. Qxf5 exf5 16. Bd2 b6 17. Ne5 Be6 18. Bxe6 fxe6 19. Nd7
Rfd8 20. Nxb6 Rab8 21. Nc4 Nd5 22. Kf1 Rdc8 23. Rac1 {Miles,A-Dutreeuw,M/Forli
op (09)/1991/1-0 (57)}) 10. Ne4 Nxe4 11. Qxe4 Nd7 12. Bd2 Nf6 13. Qh4 Bd7 14.
Rc1 Qd6 15. O-O Bxa4 16. Bxe6 Bc6 17. Bxf7+ Kxf7 18. Qc4+ Bd5 19. Qxc5 Qxc5 20.
Rxc5 Rhc8 21. Rfc1 Rxc5 22. Rxc5 Bxf3 23. Rc7+ Ke6 24. gxf3 Rd8 {Miles,
A-Vaganian,R/Wijk/1989/1-0 (45)}) 6... Nc6 (6... a6 7. e5 Nfd7 8. Bxc4 c5 9. d5
b5 10. dxe6 bxc4 11. exd7+ Qxd7 12. Qe4 Bb7 13. Qxc4 Bxf3 14. gxf3 Nc6 15. Be3
O-O 16. Rd1 Qf5 17. Qe4 Qxe4 18. fxe4 Rfb8 19. Bc1 Nxe5 20. Nd5 Bg5 {1/2-1/2
Aseev,K-Kruppa,Y/Frunze/1988/ (24)}) 7. e5 (7. Bxc4 $6 Nxd4 8. Nxd4 Qxd4 9. Nb5
Qe5 10. g3 O-O 11. Bf4 Qc5 $15) 7... Nb4 8. Qb1 Nfd5 (8... Nd7 9. Bxc4 c5 10.
dxc5 Qc7 11. a3 $6 Qxc5 12. Bb3 $6 Nc6 13. Bf4 Ndxe5 14. Nxe5 Nxe5 15. Qe4 Nd7
16. O-O O-O 17. Rac1 Nf6 $2 (17... Qb6 18. Bc2 Nf6 $15) 18. Qf3 $44 {Itkis,
B-Kruppa,Y/Nikolaev zt/1995/}) 9. Bxc4 Nb6 (9... Nxc3 10. bxc3 Nd5 11. Bd2 c5
12. O-O cxd4 13. cxd4 O-O 14. Qe4 Bd7 15. h4 Bc6 16. Ng5 Bxg5 17. Bxg5 Qd7 18.
Qg4 Kh8 19. Rfe1 Nb6 20. Bb3 Bd5 {Lazarev,V-Korneev,O/Werfen op (08)/1993/1/
2-1/2 (74)}) 10. Be2 Bd7 11. O-O Bc6 (11... c5 12. Ne4 $40) 12. a3 N4d5 13. Ne4
a6 $5 (13... O-O 14. Neg5 g6 15. Ne4 $14) 14. Re1 h6 15. Bd2 Qd7 16. Qc2 Bb5 (
16... O-O $5) 17. Bd1 $1 (17. Bxb5 axb5 $13) 17... Bc6 18. Rc1 Rd8 19. Qb1 Kf8
$6 (19... O-O $5 20. h4 f5) 20. h4 g6 21. h5 $1 Kg7 (21... gxh5 22. Nh2 h4 23.
Qd3 $40) 22. Nh2 Bb5 23. Ng4 g5 $2 {xg6} (23... gxh5 $5 24. Nh2 (24. Ngf6 Nxf6
25. exf6+ Bxf6 26. Nxf6 Kxf6 27. Qe4 Nd5 $13) 24... h4 25. Bb3 $40) 24. Bb3
Rdf8 25. Nef6 $1 Qd8 (25... Nxf6 26. exf6+ Bxf6 27. Bxe6 Qd8 28. Bxf7 Rxf7 29.
Qg6+ Kf8 30. Bb4+ Be7 31. Bxe7+ Rxe7 32. Qf6+ $18) (25... Bxf6 26. exf6+ Kg8
27. Re5 Rd8 28. Nxh6+ Rxh6 29. Rxg5+ Kh8 30. Rxd5 Nxd5 31. Bxh6 $18) 26. Bxd5
Nxd5 (26... exd5 27. Bxg5 hxg5 28. h6+ Rxh6 29. Nxh6 Bxf6 30. Nf5+ $18) 27.
Nxd5 exd5 28. Bb4 $1 Bxb4 (28... b6 29. Bxe7 Qxe7 30. Ne3 Qd8 31. e6 $18) 29.
axb4 Re8 30. e6 Qd6 (30... fxe6 31. Qg6+ Kf8 32. Nxh6 Qe7 33. Rxc7 $1 $18) (
30... Rxe6 31. Rxe6 fxe6 32. Qg6+ Kf8 33. Rc3 Be2 34. Nxh6 Qe7 35. Rxc7 Qxc7
36. Qf6+ Ke8 37. Qxh8+ $18) 31. Qf5 Rxe6 32. Rxe6 Qxe6 (32... fxe6 33. Qf6+ Kg8
34. Nxh6+ Rxh6 35. Qxh6 $18) 33. Qxe6 fxe6 34. Rxc7+ Kf8 35. Nf6 (35. Nf6 Bc6
36. Kh2 $22 $18) 1-0

[Event "New York Manhattan"]
[Site "New York"]
[Date "1990.??.??"]
[Round "9"]
[White "Kaidanov, Gregory S"]
[Black "Geller, Efim P"]
[Result "1-0"]
[WhiteElo "2500"]
[BlackElo "2515"]
[Annotator "Ftacnik,L"]
[PlyCount "71"]
[EventDate "1990.04.??"]
[EventType "tourn"]
[EventRounds "9"]
[EventCountry "USA"]
[EventCategory "10"]
[SourceTitle "CBM 019"]
[Source "ChessBase"]
[SourceDate "1990.12.01"]
[SourceVersion "1"]
[SourceVersionDate "1990.12.01"]
[SourceQuality "1"]

1. d4 d5 2. c4 e6 3. Nf3 Nf6 4. Nc3 Be7 5. Bf4 O-O 6. e3 c5 7. dxc5 Bxc5 8. Be2
Nc6 9. O-O a6 (9... dxc4 10. Bxc4 a6) 10. cxd5 exd5 11. Rc1 Ba7 12. Ne5 $1 Ne7
(12... Nxe5 13. Bxe5 Re8 $2 14. Bxf6 Qxf6 15. Nxd5 Qxb2 16. Nc7 $18) (12... d4
13. Nxc6 bxc6 14. exd4 $14) 13. Qb3 d4 (13... Ng6 14. Nxg6 hxg6 15. Rfd1 $16) (
13... b5 14. Rfd1 Be6 15. Qa3) 14. Rfd1 Be6 $6 (14... Nf5 $5 15. Bc4 Qe7) 15.
Qxb7 $1 Nfd5 16. Nxd5 Bxd5 (16... Nxd5 17. Nc6 Qb6 18. Qxb6 Bxb6 19. Nxd4 $18)
17. Qb4 (17. Qxa6 $2 dxe3 18. Bxe3 Bxe3 $19) 17... dxe3 (17... Rb8 18. Qa3 $16)
18. Bxe3 Bxe3 19. fxe3 a5 20. Qa3 Ra7 21. Bf3 (21. e4 Qb6+) 21... Rc7 22. Rc5
$1 (22. Rxc7 Qxc7 23. Bxd5 Qxe5 24. Qxa5 Qxe3+) (22. Bxd5 Qxd5 (22... Rxc1 23.
Bxf7+ $1 Rxf7 24. Rxc1 $18) 23. Rxd5 Rxc1+ 24. Kf2 Nxd5 $16) 22... Qd6 23.
Rcxd5 Qxa3 24. bxa3 Nxd5 25. Bxd5 g6 26. Nxf7 Rc3 (26... Rfxf7 27. Rf1 Kg7 28.
Rxf7+ $18) 27. e4 Kg7 28. Ng5 Re8 29. a4 h6 30. Nf3 g5 31. h3 Rb8 32. Bb3 Rb7
33. Nd4 Kf6 34. Rf1+ Ke5 35. Nb5 Rc6 36. Bd5 {Ftacnik,L} 1-0

[Event "Zlin"]
[Site "Zlin"]
[Date "1995.??.??"]
[Round "?"]
[White "Kogan, Artur"]
[Black "Haba, Petr"]
[Result "1-0"]
[WhiteElo "2495"]
[BlackElo "2410"]
[Annotator "Ftacnik,L"]
[PlyCount "65"]
[EventDate "1995.??.??"]
[EventType "tourn"]
[EventRounds "9"]
[EventCountry "CZE"]
[EventCategory "10"]
[SourceTitle "CBM 049"]
[Source "ChessBase"]
[SourceDate "1995.12.01"]
[SourceVersion "1"]
[SourceVersionDate "1995.12.01"]
[SourceQuality "1"]

1. c4 e6 2. Nc3 d5 3. d4 c6 4. Bf4 Nd7 5. e3 Ngf6 6. Nf3 Qa5 (6... Nh5 7. Bg5
Be7 8. Bxe7 Qxe7 9. Bd3 Nhf6 10. cxd5 exd5 11. Qc2 O-O 12. O-O Re8 13. Rae1 Ne4
14. Nd2 Ndf6 15. f3 Nxd2 16. Qxd2 c5 17. e4 dxe4 18. Nxe4 Nxe4 19. Rxe4 Qd8 20.
Rxe8+ Qxe8 21. dxc5 {Serebrjanik,A-Shalimov,V/Ukraina-chT Simferopol 1991/1-0 
(56)}) (6... Be7 7. h3 dxc4 8. Bxc4 b5 9. Bd3 Bb7 10. O-O O-O 11. Rc1 Rc8 12.
Ne5 a6 {0-1 Zaitshik,G-Ivanchuk,V/URS-FL Lvov 1987 (41)}) 7. Nd2 Bb4 8. Rc1
Bxc3 9. Rxc3 Qxa2 10. Bd6 $5 (10. Qc1 Qa5 11. Bd6 $44) 10... Qa5 (10... Qxb2
11. Rb3 Qa2 12. Ba3 (12. Ra3 Qb2 13. Rb3 $10) 12... Nb6 13. Bd3 $13) 11. Bd3
Qd8 12. O-O Ne4 (12... Nb6 13. Ba3 $16) 13. Bxe4 (13. Nxe4 dxe4 14. Bxe4 $2 Nf6
) 13... Nf6 $1 (13... dxe4 14. Nxe4 Nf6 15. Nxf6+ gxf6 16. c5 $16) 14. c5 $1 (
14. Be5 dxe4 15. Bxf6 Qxf6 16. Nxe4 Qe7 $14) 14... Nxe4 (14... dxe4 15. Ra3 $16
) 15. Nxe4 dxe4 16. f3 $1 (16. Qg4 Qf6 17. Qxe4 Qg6 18. Qh4 $16) 16... exf3 17.
Qxf3 Qf6 (17... Qd7 18. e4 f6 19. d5 $40) 18. Qxf6 gxf6 19. Rxf6 h5 (19... Bd7
20. e4 Rg8 21. Rh6 Rg7 22. Be5 $16) 20. e4 h4 21. Rf4 $1 (21. Rcf3 Rh7) 21...
e5 (21... h3 22. Be5 Rh7 23. Rg3 $16) (21... Bd7 22. Rh3 e5 23. Rhxh4 $18) 22.
Bxe5 Rh7 23. Bf6 h3 24. Rg3 b6 (24... hxg2 25. Rg8+ Kd7 26. Rd8+ Kc7 27. Rf8
$18) 25. Rg8+ Kd7 26. Rd8+ Kc7 27. d5 $1 cxd5 (27... bxc5 28. d6+ Kb7 29. d7
$18) 28. exd5 Bb7 (28... bxc5 29. d6+ Kc6 30. d7 $18) 29. Rxa8 Bxa8 30. Be5+
Kc8 31. c6 Rh5 32. Re4 f6 33. Bd6 (33. Bd6 Rh8 34. Re7 $18) 1-0

[Event "Hoogovens op"]
[Site "Wijk aan Zee"]
[Date "1995.01.??"]
[Round "9"]
[White "Tregubov, Pavel V"]
[Black "Van der Sterren, Paul"]
[Result "1-0"]
[WhiteElo "2515"]
[BlackElo "2560"]
[Annotator "Ftacnik,L"]
[PlyCount "129"]
[EventDate "1995.01.??"]
[EventType "swiss"]
[EventRounds "12"]
[EventCountry "NED"]
[SourceTitle "CBM 046"]
[Source "ChessBase"]
[SourceDate "1995.06.01"]
[SourceVersion "1"]
[SourceVersionDate "1995.06.01"]
[SourceQuality "1"]

1. d4 d5 2. c4 e6 3. Nf3 Nf6 4. Nc3 Be7 5. Bf4 O-O 6. e3 c5 7. dxc5 Bxc5 8. Be2
dxc4 9. Bxc4 a6 10. Qe2 b5 11. Bd3 Bb7 12. O-O Nbd7 13. Rfd1 Qb6 14. Bg3 Be7
15. a4 b4 16. a5 Qd8 $5 (16... Qc5) 17. Nb1 Nh5 18. Nbd2 (18. Bxh7+ $2 Kxh7 19.
Qd3+ Kg8 20. Qxd7 Qxd7 21. Rxd7 Rfd8 22. Rxd8+ Rxd8 23. Nbd2 Bf6 24. Nc4 Nxg3
25. hxg3 Bxf3 26. gxf3 Rc8 $17) 18... Nxg3 19. hxg3 Nc5 20. Nc4 Nxd3 $2 (20...
Qc7 21. Nb6 Rad8 22. Rac1 Qb8 23. Nd4 $14) (20... Qe8 $5) 21. Nb6 $1 Be4 (21...
Rb8 22. Rxd3 $16) 22. Ne1 Qe8 23. Nxd3 (23. Nxa8 Nxe1 24. Nb6 Nc2 25. Rac1 Qc6
$17) 23... Rd8 24. Ne5 Bd6 25. Ned7 $1 Rxd7 26. Nxd7 Qxd7 27. Qxa6 Rd8 28. Rd4
$2 (28. f3 $2 Bd5 29. e4 Bb3) (28. Qb6 Bd5 29. a6 Rb8 30. Qa5 Qa7 31. Rac1 Bf8
32. Rc7 Qa8 33. a7 Re8 34. f3 $16) 28... f5 29. Qb6 Bd5 30. a6 Rb8 31. Qa5 Qc6
32. Rdd1 Qc4 $5 33. a7 Ra8 34. Qb6 (34. Qa6 $2 Qe4 35. Qf1 Be5 $17) 34... Qe4 (
34... Bc7 $5 35. Qd4 Qxd4 36. Rxd4 Bd6 37. Ra5 Kf7 $17) 35. f3 Qe5 36. Ra6 (36.
e4 fxe4 37. f4 Bc7 $1 (37... Qxb2 38. Qxd6 e3 39. Rxd5 Qxa1+ 40. Kh2 Qxa7 41.
Qxe6+ Kh8 42. Re5 $132) 38. Qxb4 Qd6 $17) 36... Bf8 (36... Bc7 37. Rxd5 $1 exd5
38. Qb7 Qxe3+ 39. Kh2 Bxg3+ 40. Kh3 $1 $18) (36... Be7 37. Kh2 $13 (37. e4 fxe4
38. f4 Qh5 39. Qb8+ Kf7 40. g4 Bc5+ 41. Kf1 Qh1+ $19)) 37. Ra5 $1 Qd6 $4 (37...
Kh8 38. Rdxd5 exd5 39. Qb7 Qxe3+ 40. Kh2 Qh6+ 41. Kg1 Re8 $19) 38. Qxd6 Bxd6
39. e4 fxe4 40. fxe4 Bc7 (40... Bxe4 41. Rxd6 $18) 41. Rb5 Bc6 42. Rb8+ $1 Kf7
(42... Bxb8 43. Rd8+ Kf7 44. axb8=Q $18) 43. Rd7+ $5 (43. Rxa8 Bb6+ 44. Kh2
Bxa8 45. Rc1 Bxe4 46. Rc8 b3 47. a8=Q Bxa8 48. Rxa8 Bd4 49. Ra3 Bxb2 50. Rxb3
Bf6 $10) 43... Bxd7 44. Rxa8 Bb6+ 45. Kh2 Bc6 46. Rc8 Bxe4 47. a8=Q Bxa8 48.
Rxa8 Bd4 (48... b3 49. Rb8 $18) 49. b3 h5 50. Rb8 (50. g4 h4 51. Kh3 g5 52. g3
hxg3 53. Kxg3 $18) 50... Bc3 51. Rb5 $2 (51. Kh3 e5 52. g4 e4 53. Rb7+ Ke6 54.
Kg3 $18) 51... g6 $2 (51... e5 52. g4 h4 $5 53. g3 e4 54. Kg2 h3+) 52. g4 hxg4
53. Kg3 Kf6 54. Kxg4 Bd2 55. Kf3 Bc3 56. Ke4 e5 57. Rb6+ Kg5 58. Rc6 Bb2 59.
Rc4 Bc3 60. Kd3 Be1 61. Ke2 Bc3 62. Rxc3 bxc3 63. b4 e4 (63... Kf5 64. b5 Ke6
65. Kd3 Kd5 66. Kxc3 Kc5 67. Kd3 Kxb5 68. Ke4 Kc4 69. Kxe5 Kd3 70. Kf6 Ke3 71.
g4 Kf4 72. g5 $18) 64. b5 Kf4 65. b6 1-0